000 01309nam a22002657a 4500
005 20170124103153.0
010 _aB-170200
020 _c275.00
_a8174531629
035 _aB-170200
037 _bCen Lib/Ret
040 _aDPL
_bHN
082 _a781
_bशर्माअ
100 _aशर्मा, अनीता
_988808
245 _aप्राचीन सांगीतिक परम्पराएँ एवं ध्रुव शैली-एक अध्ययन /
_cअनीता शर्मा
246 _aPrachin sangeetik shaili parmarayen evam dhruv shaili ek adhayan /
_bby Anita Sharma
260 _bसंजय प्रकाशन
_aनयी दिल्ली
_c2004
270 _a4378/4 B 209 जे.एम. डी. हाउस गली मुरारीलाल, अंसारी रोड, दरियागंज
_bनयी दिल्ली
_e110002
300 _axiii,123पृ.
_c20सेमी (सजिल्द)
500 _aसन्दर्भ सूची शमील
650 _aसंगीत-भारत
_988809
650 _aसंगीत--गायन--भारत
_94492
650 _aMusic-India
_983833
650 _aMusic - singing - India
_988810
942 _2ddc
_cHN
_h781
_mशर्माअ
999 _c120156
_d120156